Guidelines on water and sustainable development (Record no. 688797)

MARC details
000 -LEADER
fixed length control field 00691nam a2200229Ia 4500
003 - CONTROL NUMBER IDENTIFIER
control field OSt
005 - DATE AND TIME OF LATEST TRANSACTION
control field 20220927104820.0
008 - FIXED-LENGTH DATA ELEMENTS--GENERAL INFORMATION
fixed length control field 220926b |||||||| |||| 00| 0 eng d
037 ## - SOURCE OF ACQUISITION
Terms of availability Reference Collections
040 ## - CATALOGING SOURCE
Original cataloging agency RTL
Transcribing agency RTL
Language of cataloging eng
041 ## - LANGUAGE CODE
Source of code eng
Language code of text/sound track or separate title eng
110 ## - MAIN ENTRY--CORPORATE NAME
Corporate name or jurisdiction name as entry element "UN,Economic and Social(Commission)"
9 (RLIN) 367480
245 #0 - TITLE STATEMENT
Title Guidelines on water and sustainable development
260 ## - PUBLICATION, DISTRIBUTION, ETC.
Date of publication, distribution, etc. 1997
700 ## - ADDED ENTRY--PERSONAL NAME
Personal name "UN,Economic and Social(Commission)"
9 (RLIN) 367481
942 ## - ADDED ENTRY ELEMENTS (KOHA)
Classification part "X9(D24):8.1.N9, N7/UN"
Koha item type

No items available.

Copyright @ Delhi University Library System